Normal view MARC view
  • Hewstone, Miles,

Entry Nombre Personal

Number of records used in: 3

001 - NUMERO DE CONTROL

  • campo de control: 40770

003 - IDENTIFICADOR DE NUMERO DE CONTROL

  • campo de control: DLC

005 - FECHA Y HORA DE LA ÜLTIMA TRANSACCIÓN

  • campo de control: 20221124091101.0

008 - DATOS DE LONGITUD FIJA

  • campo de control de longitud fija: 221124n| acannaabn |n aaa

010 ## - NÚMERO DE CONTROL DE LA BIBLIOTECA DEL CONGRESO

  • Número de control LC: n 83135440

035 ## - NUMERO DE CONTROL

  • Número de control: (OCoLC)oca00967056

040 ## - FUENTE DE CATALOGACIÓN

  • Agencia original de catalogación: DLC
  • Lenguaje de catalogación: spa
  • Agencia de transcripción: DLC
  • Agencia que lo modifica: DLC
  • Agencia que lo modifica: OCoLC
  • Agencia que lo modifica: DLC
  • Agencia que lo modifica: MX-MxUPN

046 ## - FECHAS CON CODIFICACIÓN ESPECIAL

  • Fecha de nacimiento: 1956

100 1# - ENCABEZAMIENTO - NOMBRE PERSONAL

  • Nombre personal: Hewstone, Miles,
  • Fechas asociadas con el nombre: 1956-

670 ## - FUENTE EN LA QUE SE LOCALIZARON DATOS

  • Cita de la fuente: Attribution theory and research, 1983:
  • Información localizada: portada (Miles Hewstone)

670 ## - FUENTE EN LA QUE SE LOCALIZARON DATOS

  • Cita de la fuente: Introduction to social psychology, 1988:
  • Información localizada: CIP portada (Miles Hewstone) hoja de datos (b. 8/4/56)

670 ## - FUENTE EN LA QUE SE LOCALIZARON DATOS

  • Cita de la fuente: Advances in intergroup contacts, 2013:
  • Información localizada: eCIP portada (Miles Hewstone) hoja de datos (professor of social psychology and a fellow of New College, Oxford University (UK))

902 ## - CATALOGADOR

  • Catalogador: NDAF/241122